[Event "Nuremberg Zabo op 23rd"]
[Site "Nuremberg"]
[Date "2023.09.16"]
[Round "2"]
[White "Grosser, Juergen"]
[Black "Loew, Gerald"]
[Result "0-1"]
[WhiteElo "1813"]
[BlackElo "2147"]
[PlyCount "60"]
[EventDate "2023.09.15"]
[EventType "swiss"]
[EventRounds "5"]
[EventCountry "GER"]
[SourceTitle "EXT 2024"]
[Source "ChessBase"]
[SourceDate "2023.10.10"]
[SourceVersion "1"]
[SourceVersionDate "2023.10.10"]
[SourceQuality "1"]

1. d4 d5 2. Nf3 Nf6 3. g3 c5 4. c3 e6 5. Bg2 Nc6 6. 0-0 b6 7. Bg5 Be7 8. Nbd2 0-0 9. Re1 Bb7 10. Rc1 Rc8 11. Bxf6 Bxf6 12. dxc5 bxc5 13. e4 Qb6 14. exd5 exd5 15. Qb3 Rfd8 16. h4 h6 17. g4 g6 18. g5 Bg7 19. gxh6 Bxh6 20. Ng5 Qc7 21. Ndf3 Rb8 22. Re2 Ba6 23. Qd1 Bxe2 24. Qxe2 Re8 25. Qc2 Ne5 26. Rd1 Rbd8 27. h5 Qe7 28. hxg6 Bxg5 29. gxf7+ Nxf7 30. Qg6+ Kf8 0-1

[Event "Nuremberg Zabo op 23rd"]
[Site "Nuremberg"]
[Date "2023.09.16"]
[Round "3"]
[White "Loew, Gerald"]
[Black "Grimm, Pascal"]
[Result "1-0"]
[WhiteElo "2147"]
[BlackElo "1945"]
[PlyCount "53"]
[EventDate "2023.09.15"]
[EventType "swiss"]
[EventRounds "5"]
[EventCountry "GER"]
[SourceTitle "EXT 2024"]
[Source "ChessBase"]
[SourceDate "2023.10.10"]
[SourceVersion "1"]
[SourceVersionDate "2023.10.10"]
[SourceQuality "1"]

1. c4 f5 2. g3 Nf6 3. Bg2 d6 4. Nc3 e5 5. d3 Be7 6. e4 fxe4 7. dxe4 0-0 8. Nge2 Qe8 9. 0-0 Qh5 10. f3 Nc6 11. Be3 Bh3 12. Qd2 Bxg2 13. Kxg2 h6 14. Nd5 Bd8 15. c5 Ne7 16. Nec3 Nexd5 17. Nxd5 Nh7 18. cxd6 cxd6 19. Qb4 Bg5 20. Rae1 Rac8 21. Rf2 Bxe3 22. Rxe3 Rc1 23. Qxd6 Ng5 24. h4 Nf7 25. Qe6 Rd8 26. Rd3 Rd6 27. Ne7+ 1-0

[Event "Kronach Oberfranken Cup"]
[Site "Kronach"]
[Date "2022.07.03"]
[Round "4"]
[White "Wunder, Horst"]
[Black "Loew, Gerald"]
[Result "1-0"]
[WhiteElo "2101"]
[BlackElo "2171"]
[PlyCount "123"]
[EventDate "2022.07.01"]
[EventType "swiss"]
[EventRounds "5"]
[EventCountry "GER"]
[SourceTitle "EXT 2023"]
[Source "ChessBase"]
[SourceDate "2022.10.05"]
[SourceVersion "1"]
[SourceVersionDate "2022.10.05"]
[SourceQuality "1"]

1. c4 e5 2. g3 d6 3. Bg2 f5 4. Nc3 Nf6 5. e3 Be7 6. Nge2 0-0 7. 0-0 c6 8. f4 Be6 9. b3 Nbd7 10. d3 Rc8 11. h3 a6 12. a4 g6 13. a5 Re8 14. Bb2 Bf8 15. e4 fxe4 16. dxe4 b5 17. cxb5 axb5 18. f5 Bf7 19. b4 gxf5 20. Rxf5 Be6 21. Rf1 Qe7 22. Qd2 Qg7 23. Kh2 Be7 24. g4 Kh8 25. Ng3 Bxg4 26. Nf5 Bxf5 27. Rxf5 Rg8 28. Qf2 Rcf8 29. Rf1 Nh5 30. Ne2 Bh4 31. Qf3 Ng3 32. Nxg3 Qxg3+ 33. Qxg3 Bxg3+ 34. Kg1 Rxf5 35. Rxf5 Be1 36. Ba3 Bc3 37. Kf2 Kg7 38. Rg5+ Kf8 39. Rxg8+ Kxg8 40. h4 Kf7 41. Bh3 Ke7 42. Ke2 Nb8 43. Bc8 Kd8 44. Bf5 h5 45. Bg6 c5 46. bxc5 b4 47. Kd3 dxc5 48. Bc1 Bd4 49. Bxh5 b3 50. Bf7 b2 51. Bg5+ Kd7 52. Kc2 Nc6 53. Bd2 Ke7 54. Bc4 Kf6 55. a6 Kg6 56. Kb1 Kh7 57. h5 Kg7 58. h6+ Kg6 59. Be6 c4 60. Bf5+ Kf7 61. h7 Kg7 62. Bg5 1-0

[Event "Titled Tuesday intern op 17th May Late"]
[Site "Chess.com INT"]
[Date "2022.05.17"]
[Round "4"]
[White "Loew, Gerald"]
[Black "Vujic, Mihailo"]
[Result "0-1"]
[WhiteElo "2157"]
[BlackElo "2311"]
[PlyCount "110"]
[EventDate "2022.05.17"]
[EventType "swiss (blitz)"]
[EventRounds "11"]
[EventCountry "USA"]
[SourceTitle "CBM 208 Extra"]
[Source "ChessBase"]
[SourceDate "2022.07.31"]
[SourceVersion "1"]
[SourceVersionDate "2022.07.31"]
[SourceQuality "1"]

1. c4 e5 2. Nc3 Nc6 3. Nf3 Nf6 4. e3 Bb4 5. Qc2 Bxc3 6. bxc3 0-0 7. e4 d6 8. d3 h6 9. g3 Be6 10. Bg2 Qd7 11. 0-0 Bh3 12. Nh4 Bxg2 13. Kxg2 Ne7 14. h3 c6 15. f4 Ng6 16. Nf5 exf4 17. Bxf4 d5 18. cxd5 cxd5 19. Nxh6+ gxh6 20. Bxh6 Qe6 21. Qf2 Nh7 22. Bxf8 Rxf8 23. Qf5 dxe4 24. Qxe6 fxe6 25. Rxf8+ Kxf8 26. dxe4 Nf6 27. Kf3 Ke7 28. a4 Ne5+ 29. Ke3 b6 30. g4 Kd6 31. Rf1 Nfd7 32. g5 Nc4+ 33. Kd4 Nce5 34. h4 Nc5 35. h5 Nb3+ 36. Ke3 Nc4+ 37. Kf4 e5+ 38. Kf5 Ne3+ 39. Kf6 Nxf1 40. h6 Ng3 41. h7 Nxe4+ 42. Kg7 Nxg5 43. h8Q Ne6+ 44. Kf6 Nbc5 45. Qb8+ Kc6 46. Ke7 a5 47. Qc8+ Kd5 48. Qa8+ Kc4 49. Qc6 Kxc3 50. Qxb6 e4 51. Qxa5+ Kd3 52. Qb5+ Kd4 53. a5 e3 54. a6 Nxa6 55. Qxa6 Nf4 0-1

[Event "Bayern-ch 92th"]
[Site "Lichtenfels"]
[Date "2021.08.24"]
[Round "4"]
[White "Loew, Gerald"]
[Black "Bunk, Wolfgang"]
[Result "1/2-1/2"]
[WhiteElo "2166"]
[BlackElo "2025"]
[PlyCount "44"]
[EventDate "2021.08.22"]
[EventType "swiss"]
[EventRounds "9"]
[EventCountry "GER"]
[SourceTitle "EXT 2023"]
[Source "ChessBase"]
[SourceDate "2022.10.05"]
[SourceVersion "1"]
[SourceVersionDate "2022.10.05"]
[SourceQuality "1"]

1. c4 c6 2. e4 d5 3. exd5 cxd5 4. cxd5 Nf6 5. Nc3 Nxd5 6. Nf3 e6 7. d4 Nxc3 8. bxc3 Qc7 9. Qc2 Nd7 10. Bd3 b6 11. Bg5 Bb7 12. 0-0 Bd6 13. Be4 Bxe4 14. Qxe4 0-0 15. Rac1 Rac8 16. c4 e5 17. Rfd1 Qc6 18. Qh4 Ba3 19. Rc3 Bb4 20. Rcc1 Ba3 21. Rc3 Bb4 22. Rcc1 Ba3 1/2-1/2

[Event "Bayern-ch 92th"]
[Site "Lichtenfels"]
[Date "2021.08.23"]
[Round "3"]
[White "Lohr, Maximilian"]
[Black "Loew, Gerald"]
[Result "1/2-1/2"]
[WhiteElo "2011"]
[BlackElo "2166"]
[PlyCount "71"]
[EventDate "2021.08.22"]
[EventType "swiss"]
[EventRounds "9"]
[EventCountry "GER"]
[SourceTitle "EXT 2023"]
[Source "ChessBase"]
[SourceDate "2022.10.05"]
[SourceVersion "1"]
[SourceVersionDate "2022.10.05"]
[SourceQuality "1"]

1. e4 Nf6 2. e5 Nd5 3. d4 Nb6 4. c4 d6 5. f4 dxe5 6. fxe5 c5 7. d5 g6 8. Nc3 Bg7 9. Bf4 0-0 10. Qd2 e6 11. 0-0-0 exd5 12. cxd5 Bg4 13. Re1 c4 14. h3 Bf5 15. g4 Bd3 16. Bxd3 cxd3 17. Qxd3 Na6 18. d6 Rc8 19. Kb1 Nb4 20. Qg3 Qd7 21. Nge2 f6 22. Nd4 fxe5 23. Bxe5 Bxe5 24. Qxe5 Nd3 25. Qe6+ Qxe6 26. Rxe6 Rf2 27. Ne4 Rxb2+ 28. Ka1 Rb4 29. Nf6+ Kf7 30. g5 Rxd4 31. Re7+ Kf8 32. Nxh7+ Kg8 33. Nf6+ Kf8 34. Nh7+ Kg8 35. Nf6+ Kf8 36. Nh7+ 1/2-1/2

[Event "GER-ch Net blitz sf"]
[Site "Playchess.com INT"]
[Date "2021.06.05"]
[Round "9"]
[White "Loew, Gerald"]
[Black "Eilers, Stefan"]
[Result "1-0"]
[WhiteElo "2084"]
[BlackElo "2213"]
[PlyCount "111"]
[EventDate "2021.06.05"]
[EventType "swiss (blitz)"]
[EventRounds "13"]
[EventCountry "GER"]
[SourceTitle "EXT 2023"]
[Source "ChessBase"]
[SourceDate "2022.10.05"]
[SourceVersion "1"]
[SourceVersionDate "2022.10.05"]
[SourceQuality "1"]

1. c4 e6 2. g3 d5 3. Bg2 Nf6 4. Nf3 a6 5. b3 c5 6. 0-0 d4 7. e3 Nc6 8. Bb2 Be7 9. exd4 cxd4 10. Re1 0-0 11. d3 a5 12. Na3 Bb4 13. Re2 Re8 14. Ne5 Nxe5 15. Rxe5 Nd7 16. Rb5 Nc5 17. Nc2 Bd7 18. Nxd4 Bxb5 19. Nxb5 Nxd3 20. Bd4 e5 21. Qxd3 exd4 22. Bxb7 Rb8 23. Be4 g6 24. Rd1 Bc5 25. h4 Qf6 26. Nc7 Red8 27. Nd5 Qe5 28. h5 Kg7 29. hxg6 hxg6 30. Kg2 Rh8 31. Bf3 Rbe8 32. Nf4 Rh7 33. Bd5 Re7 34. Rd2 Qg5 35. Re2 Qf6 36. Rxe7 Qxe7 37. Be4 Rh8 38. Bxg6 Qf6 39. Be4 Rh6 40. Bd5 Qe5 41. Qf3 Rh7 42. Qg4+ Kf8 43. Qc8+ Kg7 44. Qxc5 Rh6 45. Qc8 Rf6 46. Qg4+ Kf8 47. Bf3 Qd6 48. Nd5 Rg6 49. Qc8+ Kg7 50. Be4 Re6 51. Bf3 d3 52. Nf4 Re5 53. Qg4+ Kf8 54. Nd5 d2 55. Qh4 d1Q 56. Qh8# 1-0

[Event "GER-ch Net blitz sf"]
[Site "Playchess.com INT"]
[Date "2021.06.05"]
[Round "4"]
[White "Loew, Gerald"]
[Black "Zhou, Lepu Coco"]
[Result "1-0"]
[WhiteElo "2084"]
[BlackElo "1843"]
[PlyCount "63"]
[EventDate "2021.06.05"]
[EventType "swiss (blitz)"]
[EventRounds "13"]
[EventCountry "GER"]
[SourceTitle "EXT 2023"]
[Source "ChessBase"]
[SourceDate "2022.10.05"]
[SourceVersion "1"]
[SourceVersionDate "2022.10.05"]
[SourceQuality "1"]

1. c4 Nf6 2. Nc3 g6 3. g3 Bg7 4. Bg2 0-0 5. e4 e5 6. Nge2 d6 7. 0-0 Nc6 8. d3 a6 9. h3 Rb8 10. a4 Nb4 11. Bg5 Bd7 12. Qd2 c5 13. Nd5 Nbxd5 14. cxd5 b5 15. axb5 axb5 16. Ra7 Qb6 17. Rfa1 Rfd8 18. R1a6 Qxa7 19. Rxa7 c4 20. dxc4 bxc4 21. Nc3 Rb3 22. Bf1 Rb4 23. Kh2 Be8 24. Nd1 Rdb8 25. Bxf6 Bxf6 26. h4 Ba4 27. Bh3 Bd8 28. Bd7 Bb3 29. Be8 Bb6 30. Bxf7+ Kf8 31. Rd7 Bxd1 32. Qh6# 1-0

[Event "Titled Tuesday intern op 18th May"]
[Site "Chess.com INT"]
[Date "2021.05.18"]
[Round "8"]
[White "Chernomordik, Pavel"]
[Black "Loew, Gerald"]
[Result "0-1"]
[WhiteElo "2177"]
[BlackElo "2166"]
[PlyCount "92"]
[EventDate "2021.05.18"]
[EventType "swiss (blitz)"]
[EventRounds "11"]
[EventCountry "USA"]
[SourceTitle "CBM 202 Extra"]
[Source "ChessBase"]
[SourceDate "2021.07.31"]
[SourceVersion "1"]
[SourceVersionDate "2021.07.31"]
[SourceQuality "1"]

1. e4 Nf6 2. Nc3 d6 3. d4 e5 4. Nf3 Nbd7 5. Bc4 Be7 6. Bxf7+ Kxf7 7. Ng5+ Kg8 8. Ne6 Qe8 9. Nxc7 Qg6 10. 0-0 Rb8 11. Be3 b6 12. f3 h6 13. N7d5 Bd8 14. Qd3 Bb7 15. Nxf6+ Bxf6 16. dxe5 Nxe5 17. Qxd6 Kh7 18. Nd5 Rhd8 19. Nxf6+ Qxf6 20. Qxf6 gxf6 21. b3 Rd7 22. Rfd1 Rbd8 23. Rxd7+ Rxd7 24. Kf2 Ba6 25. a4 Kg6 26. a5 Bb5 27. axb6 axb6 28. c4 Bc6 29. Bxb6 Rd2+ 30. Kg3 h5 31. h4 Rd3 32. Rb1 Bxe4 33. Kf4 Bf5 34. Bc7 Rd7 35. Ra1 Rxc7 36. Ke3 Rb7 37. Ra3 Bc2 38. f4 Ng4+ 39. Kd4 Bxb3 40. c5 Be6 41. c6 Rb1 42. Rc3 Rd1+ 43. Kc5 Kf7 44. Kb6 f5 45. g3 Nf6 46. c7 Nd5+ 0-1

[Event "Titled Tuesday intern op 18th May"]
[Site "Chess.com INT"]
[Date "2021.05.18"]
[Round "1"]
[White "Loew, Gerald"]
[Black "Iskusnyh, Sergei"]
[Result "0-1"]
[WhiteElo "2166"]
[BlackElo "2473"]
[PlyCount "72"]
[EventDate "2021.05.18"]
[EventType "swiss (blitz)"]
[EventRounds "11"]
[EventCountry "USA"]
[SourceTitle "CBM 202 Extra"]
[Source "ChessBase"]
[SourceDate "2021.07.31"]
[SourceVersion "1"]
[SourceVersionDate "2021.07.31"]
[SourceQuality "1"]

1. c4 c5 2. g3 g6 3. Bg2 Bg7 4. Nc3 Nc6 5. a3 d6 6. Rb1 e6 7. b4 Nge7 8. Nf3 0-0 9. 0-0 b6 10. b5 Na5 11. Qa4 Bb7 12. Bb2 d5 13. cxd5 exd5 14. d4 Nc4 15. e3 Nf5 16. Ne2 a6 17. bxa6 Bxa6 18. Qc2 Rc8 19. Rfd1 cxd4 20. Nexd4 Nxd4 21. Nxd4 Nxe3 22. Qa4 Nxd1 23. Rxd1 Bc4 24. Qb4 Re8 25. h3 Qe7 26. Qd2 Rcd8 27. Bc3 Qd7 28. Bb4 Qa4 29. Kh2 Rc8 30. Re1 Rxe1 31. Qxe1 Re8 32. Qd2 Qd7 33. Qf4 Qd8 34. h4 Qf6 35. Qd2 Qxd4 36. Qxd4 Bxd4 0-1

[Event "Titled Tuesday intern op 18th May"]
[Site "Chess.com INT"]
[Date "2021.05.18"]
[Round "5"]
[White "Zallio, Luciano de Souza"]
[Black "Loew, Gerald"]
[Result "0-1"]
[WhiteElo "2163"]
[BlackElo "2166"]
[PlyCount "76"]
[EventDate "2021.05.18"]
[EventType "swiss (blitz)"]
[EventRounds "11"]
[EventCountry "USA"]
[SourceTitle "CBM 202 Extra"]
[Source "ChessBase"]
[SourceDate "2021.07.31"]
[SourceVersion "1"]
[SourceVersionDate "2021.07.31"]
[SourceQuality "1"]

1. e4 Nf6 2. e5 Nd5 3. d4 Nb6 4. Nf3 d5 5. Bd3 Bg4 6. Bg5 h6 7. Bh4 Qd7 8. c3 e6 9. Nbd2 c5 10. h3 Bxf3 11. Nxf3 cxd4 12. Nxd4 Nc6 13. 0-0 g5 14. Bg3 Bg7 15. f4 0-0-0 16. f5 Bxe5 17. Bxe5 Nxe5 18. fxe6 fxe6 19. Nxe6 Nxd3 20. Nxd8 Nf4 21. Nf7 Qxf7 22. g3 Nxh3+ 23. Kh2 Qd7 24. Qh5 g4 25. Rf7 Qe6 26. Raf1 Qe2+ 27. Kh1 Qe4+ 28. Kh2 Ng5 29. R7f4 Qe2+ 30. R1f2 Qd1 31. Rxg4 Rd8 32. Qxh6 Ne4 33. Qe6+ Kb8 34. Qe5+ Ka8 35. Rg2 Qxg4 36. Qc7 Qh5+ 37. Kg1 Qd1+ 38. Kh2 Rh8+ 0-1

[Event "Titled Tuesday intern op 11th May"]
[Site "Chess.com INT"]
[Date "2021.05.11"]
[Round "4"]
[White "Botea, David Alexandru"]
[Black "Loew, Gerald"]
[Result "0-1"]
[WhiteElo "2018"]
[BlackElo "2166"]
[PlyCount "98"]
[EventDate "2021.05.11"]
[EventType "swiss (blitz)"]
[EventRounds "11"]
[EventCountry "USA"]
[SourceTitle "CBM 202 Extra"]
[Source "ChessBase"]
[SourceDate "2021.07.31"]
[SourceVersion "1"]
[SourceVersionDate "2021.07.31"]
[SourceQuality "1"]

1. d4 d6 2. Nf3 Nf6 3. g3 Nbd7 4. Bg2 e5 5. dxe5 dxe5 6. 0-0 Bc5 7. Nc3 0-0 8. e4 c6 9. Qe2 Qc7 10. b3 a5 11. a4 b6 12. Be3 Ba6 13. Qe1 Bxf1 14. Bxf1 Bxe3 15. Qxe3 Nc5 16. Rd1 Rad8 17. Rxd8 Rxd8 18. Bc4 h6 19. Nh4 Qd7 20. Nf5 Qd2 21. Qf3 Ncxe4 22. Ne7+ Kf8 23. Nxe4 Qe1+ 24. Kg2 Qxe4 25. Nxc6 Rd2 26. Bd3 Qxf3+ 27. Kxf3 e4+ 28. Ke3 Rd1 29. Be2 Rc1 30. Kd2 Rh1 31. h4 Ke8 32. Ne5 Ke7 33. Ke3 Rc1 34. Kd2 Ra1 35. Ke3 Nd5+ 36. Kxe4 Nc3+ 37. Kd3 Nxe2 38. Kxe2 Ke6 39. Nc4 Rc1 40. Kd2 Rf1 41. Ke2 Rh1 42. Nxb6 g5 43. hxg5 hxg5 44. Nc4 Kd5 45. Nxa5 Kd4 46. Nc4 Ra1 47. Ne3 Ra2 48. Kf3 f6 49. Kg4 Ke4 0-1

[Event "Titled Tuesday intern op 11th May"]
[Site "Chess.com INT"]
[Date "2021.05.11"]
[Round "9"]
[White "Chernomordik, Pavel"]
[Black "Loew, Gerald"]
[Result "1-0"]
[WhiteElo "2177"]
[BlackElo "2166"]
[PlyCount "89"]
[EventDate "2021.05.11"]
[EventType "swiss (blitz)"]
[EventRounds "11"]
[EventCountry "USA"]
[SourceTitle "CBM 202 Extra"]
[Source "ChessBase"]
[SourceDate "2021.07.31"]
[SourceVersion "1"]
[SourceVersionDate "2021.07.31"]
[SourceQuality "1"]

1. e4 Nf6 2. Nc3 d6 3. d4 e5 4. Nf3 Nbd7 5. g3 Be7 6. Bg2 0-0 7. 0-0 c6 8. a4 b6 9. h3 Bb7 10. Be3 a6 11. Re1 b5 12. Nh4 b4 13. Na2 d5 14. exd5 Nxd5 15. Nf5 Nxe3 16. Rxe3 g6 17. Nxe7+ Qxe7 18. dxe5 Nxe5 19. Qd4 Rfe8 20. Qxb4 Qxb4 21. Nxb4 a5 22. Nd3 Nc4 23. Rxe8+ Rxe8 24. Nc5 Bc8 25. b3 Ne5 26. f4 Nd7 27. Bxc6 Re7 28. Bxd7 Bxd7 29. h4 Bc6 30. Kf2 h5 31. Re1 Rc7 32. Nd3 Bd5 33. c4 Be6 34. Ne5 Bf5 35. Rc1 Rb7 36. Rc3 f6 37. Nc6 Rd7 38. Ke3 Rd1 39. Nxa5 Rg1 40. Kd4 Rd1+ 41. Kc5 Kf7 42. Nc6 Rb1 43. Nd4 Bd7 44. a5 Ra1 45. b4 1-0

[Event "GER-ch Net blitz qual4"]
[Site "Playchess.com INT"]
[Date "2021.05.10"]
[Round "4"]
[White "Loew, Gerald"]
[Black "Kitschke, Heiko"]
[Result "1/2-1/2"]
[WhiteElo "2078"]
[BlackElo "1882"]
[PlyCount "114"]
[EventDate "2021.05.10"]
[EventType "swiss (blitz)"]
[EventRounds "11"]
[EventCountry "GER"]
[SourceTitle "CBM 202 Extra"]
[Source "ChessBase"]
[SourceDate "2021.07.31"]
[SourceVersion "1"]
[SourceVersionDate "2021.07.31"]
[SourceQuality "1"]

1. c4 c5 2. g3 Nc6 3. Bg2 Nf6 4. Nc3 g6 5. a3 Bg7 6. Rb1 0-0 7. b4 d6 8. d3 Rb8 9. bxc5 Qa5 10. Bd2 Bd7 11. cxd6 exd6 12. Nf3 Qd8 13. 0-0 Ng4 14. Nd5 Re8 15. e3 Nge5 16. Qc2 b6 17. Bc3 Rc8 18. Rfe1 Be6 19. Nd4 Nxd4 20. Bxd4 Qd7 21. f4 Ng4 22. Bxg7 Kxg7 23. Qc3+ f6 24. h3 Bxd5 25. Bxd5 Nxe3 26. Qd4 Nxd5 27. Qxd5 Qxh3 28. Qf3 Qf5 29. Re4 Rxe4 30. dxe4 Qe6 31. Rd1 Qxc4 32. Kg2 Rc6 33. e5 dxe5 34. fxe5 Qc2+ 35. Kh3 Qf5+ 36. Qxf5 gxf5 37. Rd7+ Kg6 38. exf6 Rxf6 39. Rxa7 f4 40. gxf4 Rxf4 41. Ra6 Rf6 42. Kg4 h5+ 43. Kh4 Rf4+ 44. Kg3 Rf6 45. Kh4 Rc6 46. a4 Rf6 47. Kg3 Kg5 48. a5 h4+ 49. Kg2 bxa5 50. Rxa5+ Kg4 51. Ra4+ Rf4 52. Rxf4+ Kxf4 53. Kh3 Kg5 54. Kg2 Kg4 55. Kh2 h3 56. Kg1 Kg3 57. Kh1 h2 1/2-1/2